000 01531naa a22003617a 4500
001 BR8300860
003 BR-BrBNA
005 20250721143219.0
007 ta
008 250630b bl.|||m| |||| 00| 0 por d
040 _aBR-BrBNA
_bpor
_cBiblioteca Nacional de Agricultura
041 _a(Pt)
072 _aF00
_b0336
_b3575
_bG514
090 _aF00 BR8300860
100 1 _aCosta, N.P.
100 1 _aPereira, L.A.G.
100 1 _aFranca Netto, J.B.
100 1 _aHenning, A.A.
100 1 _aYamashita, J.
111 1 _a2. Seminario Nacional de Pesquisa de Soja
_cBrasilia, DF (Brazil)
_d16 Feb 1981
245 1 _aAvaliacao da qualidade da semente de soja produzida nas safras agricolas de 1976/77 e 1978/79, no estado do Parana [Glycine max, Brasil]
246 1 _aEvaluation of the seed quality of soybean produced in Parana state in the agricultural years of 1976/77 and 1978/79 [Glycine max, Brazil]
246 1 _a[Annals of the 2. National Seminar of Soybean Research]
_bv. 1
500 _aAnais do 2. Seminario Nacional de Pesquisa de Soja Londrina, PR (Brasil): 1982. p. 557-573 [26 ref.; Summaries (En, Pt)] (BR8300860-AMS)
773 0 _tAnais do 2. Seminario Nacional de Pesquisa de Soja
_b
_wF00 BR8300860
_gLondrina, PR (Brasil), 1982. p. 557-573
650 _aSOJA
650 _aSEMENTE
650 _aTESTE DE VIGOR
650 _aPARANA
490 _aDocumentos - Centro Nacional de Pesquisa de Soja (Brazil)
_vno. 1
_xISSN 0101-5494
942 _cAMS
_2AGRIS
909 _a202506
_bLúcia
_c55
_dLúcia Elande
999 _c334413
_d334413